01124nam a2200301 i 450000100060000000300090000600500170001500800390003201500170007104000280008808000070011610000410012324501080016425000150027226000770028730000380036433600270040233700540042933800280048338000170051165800210052865800280054965500130057765000270059070000430061771000640066085600980072425414KOSZ 00520200714104651.0070913s1968 pl a g 000 0 pol aPB 1968/9266 aWA NcWA NdKOSZ 005/RW a771 aDederko, Witoldd(1906-1988).eAutor10aO fotografowaniu prawie wszystko :bporadnik instruktora.nT. 1 /cWitold Dederko, Andrzej Pytliński. aWydanie 2. aWarszawa :bCentralny Ośrodek Metodyki Upowszechniania Kultury,c1971. a191 stron :bilustracje ;c24 cm. aTekstbtxt2rdacontent aBez urządzenia pośredniczącegobn2rdamedia aWoluminbnc2rdacarrier aKsiążki. aKultura i sztuka aInżynieria i technika 4aPoradnik 4aTechniki fotograficzne1 aPytliński, Andrzejd(1933- ).eAutor2 aCentralny Ośrodek Metodyki Upowszechniania Kultury.4pbl. uhttp://koha.tu.koszalin.pl/cgi-bin/koha/opac-detail.pl?biblionumber=25414yKatalog online BPK